000 00533nam a2200229Ia 4500
003 0100
008 130303s9999 xx 000 0 und d
020 _a0451138937
040 _cARRUPELIB
050 _aB29.R26 1982
100 _aRand, Ayn
245 _aPhilosophy
245 _bwho needs it
260 _aNew York
260 _bNew American Library
260 _C1982
300 _a228p.
300 _b 18cm
650 _bSociology, Christian (Catholic)
650 _cChurch and social problems
942 _2lcc
_02
999 _c63438
_d63438